[Event "Nordisk Senior Mesterskab 2013"]
[Site "Allinge"]
[Date "2013.09.09"]
[Round "3"]
[White "Grahn, Lars"]
[Black "Malmdin, Nils Ake"]
[Result "1/2-1/2"]
[WhiteElo "1968"]
[BlackElo "2230"]
[PlyCount "131"]
[EventDate "2013.??.??"]

1. d4 Nf6 2. c4 e6 3. g3 c5 4. d5 exd5 5. cxd5 d6 6. Nc3 g6 7. Bg2 Bg7 8. Nf3
O-O 9. O-O Re8 10. Bf4 Na6 11. Re1 Bg4 12. h3 Bf5 13. g4 Be4 14. Nxe4 Rxe4 15.
e3 Rb4 16. Rb1 h5 17. a3 Rxf4 18. exf4 hxg4 19. Ng5 gxh3 20. Bxh3 Nc7 21. Qb3
Nh5 22. Qf3 Qf6 23. Ne4 Qxf4 24. Qxf4 Nxf4 25. Bf1 Rd8 26. Nc3 Be5 27. Rbd1 a6
28. a4 Kf8 29. Bc4 f6 30. a5 g5 31. Ne2 Ng6 32. Rd3 Rd7 33. Rb3 Ne8 34. Ng3 Ng7
35. Ne4 Nh4 36. Kf1 Ngf5 37. Rb6 Nd4 38. Re3 g4 39. Be2 f5 40. Nxc5 Rc7 41. b4
Nhf3 42. Bxf3 gxf3 43. Rxb7 Rxb7 44. Nxb7 Ke7 45. b5 Nxb5 46. Nc5 Nc7 47. Nb3
Nxd5 48. Rxf3 Ke6 49. Ke2 Nb4 50. Rh3 Kd5 51. Rf3 f4 52. Nd2 Kc5 53. Rh3 Kb5
54. Rh5 Nc6 55. Kd3 Kxa5 56. Nc4+ Kb4 57. Nxe5 dxe5 58. Ke4 Kc5 59. Rh8 a5 60.
Ra8 Kb5 61. Kd5 a4 62. Ke4 Kb4 63. Rc8 Kb5 64. Ra8 Kb4 65. Rc8 Kb5 66. Ra8
1/2-1/2

[Event "Nordisk Senior Mesterskab 2013"]
[Site "Allinge"]
[Date "2013.09.09"]
[Round "3"]
[White "Karason, Askell Orn"]
[Black "Bjorgvik, Jan Arne"]
[Result "1-0"]
[WhiteElo "2205"]
[BlackElo "1840"]
[PlyCount "61"]
[EventDate "2013.??.??"]

1. c4 e6 2. g3 d5 3. Bg2 Nf6 4. Nf3 Be7 5. O-O O-O 6. d4 h6 7. Nc3 dxc4 8. Ne5
Nd5 9. Nxc4 Nxc3 10. bxc3 c6 11. a4 b6 12. a5 Ba6 13. Ne5 bxa5 14. Qa4 Bxe2 15.
Re1 Bb5 16. Qxa5 Bd6 17. c4 Bxe5 18. cxb5 Bc7 19. Qc3 Bb6 20. Bb2 Nd7 21. d5 e5
22. bxc6 Nf6 23. Rxe5 Re8 24. Rxe8+ Nxe8 25. Rd1 Ba5 26. Qe5 Bc7 27. d6 Bxd6
28. c7 Qxc7 29. Rxd6 Rb8 30. Rc6 Qxe5 31. Bxe5 1-0

[Event "Nordisk Senior Mesterskab 2013"]
[Site "Allinge"]
[Date "2013.09.09"]
[Round "3"]
[White "Gromark, Per Olof"]
[Black "Johnsen, Gunnar"]
[Result "1/2-1/2"]
[WhiteElo "2118"]
[BlackElo "2171"]
[PlyCount "77"]
[EventDate "2013.??.??"]

1. d4 e6 2. c4 f5 3. g3 Nf6 4. Bg2 c6 5. Nh3 d5 6. O-O Bd6 7. Qc2 O-O 8. Nd2
Qe7 9. Nf3 Nh5 10. Ne1 Nd7 11. Nd3 b6 12. Ndf4 Nxf4 13. Bxf4 Ba6 14. cxd5 cxd5
15. Qa4 Bb7 16. Rac1 a6 17. Rc3 Rac8 18. Rfc1 Rxc3 19. Rxc3 Nf6 20. Qc2 Ne8 21.
Bxd6 Qxd6 22. Ng5 h6 23. Nf3 Rf7 24. Ne5 Rc7 25. Bf3 Rxc3 26. Qxc3 Nf6 27. Qb3
Qc7 28. Kg2 Bc8 29. Qb4 a5 30. Qa3 b5 31. b4 a4 32. Qd3 Bd7 33. Qd2 Ne8 34. e3
Nd6 35. Be2 Be8 36. Bd3 Nf7 37. Nxf7 Kxf7 38. Qc2 Qxc2 39. Bxc2 1/2-1/2

[Event "Nordisk Senior Mesterskab 2013"]
[Site "Allinge"]
[Date "2013.09.09"]
[Round "3"]
[White "Baliuniene, Margarita"]
[Black "Grabow, Pouelsten Holm"]
[Result "1/2-1/2"]
[WhiteElo "1834"]
[BlackElo "2157"]
[PlyCount "28"]
[EventDate "2013.??.??"]

1. e4 e6 2. d4 d5 3. exd5 exd5 4. Nf3 Nf6 5. Bd3 Bd6 6. O-O O-O 7. c3 c6 8. Bg5
Bg4 9. Nbd2 Nbd7 10. Qc2 Qc7 11. h3 Bxf3 12. Nxf3 h6 13. Bxf6 Nxf6 14. Rfe1
Rfe8 1/2-1/2

[Event "Nordisk Senior Mesterskab 2013"]
[Site "Allinge"]
[Date "2013.09.09"]
[Round "3"]
[White "Nyberg, Ulf"]
[Black "Ottesen, Soren Rud"]
[Result "1-0"]
[WhiteElo "2130"]
[BlackElo "1768"]
[PlyCount "67"]
[EventDate "2013.??.??"]

1. d4 Nf6 2. c4 e6 3. Nc3 Bb4 4. e3 O-O 5. Nge2 b6 6. a3 Be7 7. e4 d6 8. Ng3
Nbd7 9. Be2 Bb7 10. O-O e5 11. d5 a5 12. Be3 Nc5 13. b4 axb4 14. axb4 Na6 15.
Qb3 g6 16. Rfc1 Qd7 17. f3 Rfb8 18. Qb2 Qd8 19. Ra3 Kg7 20. Rca1 Qc8 21. Bd1
Nd7 22. Ba4 Nf6 23. R1a2 h6 24. Bc6 g5 25. Bxb7 Qxb7 26. Qa1 Nxb4 27. Rxa8 Nxa2
28. Rxa2 Qc8 29. Nb5 Bd8 30. Na7 Qd7 31. Nc6 Rc8 32. Ra7 Qe8 33. Nf5+ Kg6 34.
Bxb6 1-0

[Event "Nordisk Senior Mesterskab 2013"]
[Site "Allinge"]
[Date "2013.09.09"]
[Round "3"]
[White "Nielsen, Jens Holm"]
[Black "Hvenekilde, Jorgen"]
[Result "0-1"]
[WhiteElo "1847"]
[BlackElo "2120"]
[PlyCount "106"]
[EventDate "2013.??.??"]

1. d4 Nf6 2. Nf3 d6 3. Bf4 g6 4. e3 Bg7 5. Nbd2 O-O 6. Be2 Nbd7 7. h3 Re8 8.
O-O e5 9. dxe5 dxe5 10. Bg5 h6 11. Bxf6 Qxf6 12. Ne4 Qe7 13. Bc4 Nb6 14. Bb3
Bf5 15. Ng3 Bd7 16. a4 Rad8 17. Qc1 Bc6 18. e4 a5 19. Rd1 Rxd1+ 20. Qxd1 Rd8
21. Qe1 Qc5 22. Rd1 Ra8 23. Rd3 Bxa4 24. Bxa4 Nxa4 25. b3 Nb6 26. Qd2 Qe7 27.
Nh2 a4 28. bxa4 Rxa4 29. Rd8+ Kh7 30. Nf3 c6 31. Rb8 Qc7 32. Re8 Nc4 33. Qd8
Qxd8 34. Rxd8 Ra1+ 35. Kh2 Rc1 36. Rd7 b5 37. Rxf7 Rxc2 38. Nh4 b4 39. Nhf5
gxf5 40. Nxf5 b3 41. Rxg7+ Kh8 42. Rg3 b2 43. Nxh6 b1=Q 44. Nf7+ Kh7 45. Ng5+
Kg8 46. Ne6+ Kf7 47. Nd8+ Ke8 48. Rg8+ Kd7 49. Nf7 Rc1 50. Ng5 Nd2 51. Rg7+ Kd6
52. Nf7+ Kc5 53. Nxe5 Nf1+ 0-1

[Event "Nordisk Senior Mesterskab 2013"]
[Site "Allinge"]
[Date "2013.09.09"]
[Round "3"]
[White "Haagen Larsen, Hans"]
[Black "Berkell, Peder"]
[Result "0-1"]
[WhiteElo "1704"]
[BlackElo "2201"]
[PlyCount "36"]
[EventDate "2013.??.??"]

1. d4 Nf6 2. Bf4 b6 3. Nf3 Bb7 4. e3 g6 5. Nbd2 d6 6. c4 Bg7 7. Bd3 c5 8. d5
Nh5 9. Qc2 Nxf4 10. exf4 Nd7 11. Ne4 b5 12. Rd1 Qa5+ 13. Nc3 bxc4 14. Bxc4 O-O
15. O-O Nb6 16. Qd3 Nxc4 17. Qxc4 Ba6 18. Qa4 Bxc3 0-1

[Event "Nordisk Senior Mesterskab 2013"]
[Site "Allinge"]
[Date "2013.09.09"]
[Round "3"]
[White "Petersson, Gosta"]
[Black "Kraft, Rene"]
[Result "1-0"]
[WhiteElo "2167"]
[BlackElo "1696"]
[PlyCount "109"]
[EventDate "2013.??.??"]

1. c4 c5 2. Nc3 Nc6 3. g3 b6 4. Bg2 Bb7 5. Nh3 Nf6 6. d3 e6 7. e4 Nd4 8. O-O e5
9. f4 d6 10. Nd5 Nxd5 11. exd5 exf4 12. Nxf4 Be7 13. Nh5 O-O 14. Qg4 g6 15. Bh6
f5 16. Qd1 Rf7 17. Nf4 Bc8 18. Ne6 Qd7 19. Nxd4 cxd4 20. Qd2 Bf6 21. Rae1 Bb7
22. Bf4 Re8 23. Rxe8+ Qxe8 24. Bxd6 Qe3+ 25. Rf2 Qxd2 26. Rxd2 Bc8 27. Re2 Ba6
28. a4 Bg5 29. Re8+ Kg7 30. Be5+ Bf6 31. Bf4 g5 32. Bd2 Re7 33. Rxe7+ Bxe7 34.
Bf3 Kf6 35. Bh5 Bd6 36. Kf2 Bc8 37. Be8 a5 38. h4 h6 39. Bc6 Bc5 40. Kf3 Bd6
41. Be8 Bc5 42. b3 Bd6 43. Bh5 Bc5 44. hxg5+ hxg5 45. Be1 Bd7 46. g4 Bd6 47.
Bf2 Bc5 48. Bg1 Ke5 49. gxf5 Bxf5 50. Bg4 Bxd3 51. Bh2+ Kf6 52. d6 Bc2 53. d7
Ke7 54. Bc7 Bd1+ 55. Ke4 1-0

[Event "Nordisk Senior Mesterskab 2013"]
[Site "Allinge"]
[Date "2013.09.09"]
[Round "3"]
[White "Patola, Eero"]
[Black "Christiansen, Niels Jorgen"]
[Result "1/2-1/2"]
[WhiteElo "1956"]
[BlackElo "1669"]
[PlyCount "85"]
[EventDate "2013.??.??"]

1. e4 e5 2. c4 c6 3. Nc3 Nf6 4. g3 d5 5. exd5 cxd5 6. cxd5 Nxd5 7. Bg2 Nxc3 8.
dxc3 Qxd1+ 9. Kxd1 Bc5 10. Ke2 Nc6 11. Be3 Bxe3 12. Kxe3 Bd7 13. h4 O-O-O 14.
h5 Be6 15. h6 g6 16. Ne2 Rd6 17. Rhd1 Rhd8 18. Rxd6 Rxd6 19. b3 Kc7 20. f4
exf4+ 21. Nxf4 Ne7 22. Be4 Bf5 23. Bf3 g5 24. Ne2 Rxh6 25. Nd4 Bd7 26. Rf1 Rh3
27. Rg1 g4 28. Bh1 h5 29. Ne2 Nf5+ 30. Kf4 f6 31. Rd1 Bc8 32. Be4 Nd6 33. Bg6
Rh2 34. Re1 h4 35. gxh4 Rxh4 36. Ng3 f5 37. c4 b6 38. Re7+ Kb8 39. Nxf5 Nxf5
40. Bxf5 Bxf5 41. Kxf5 g3 42. Rg7 Rh2 43. Rxg3 1/2-1/2

[Event "Nordisk Senior Mesterskab 2013"]
[Site "Allinge"]
[Date "2013.09.09"]
[Round "3"]
[White "Brogaard, Lars"]
[Black "Lykke, Hans Christian"]
[Result "1/2-1/2"]
[WhiteElo "1567"]
[BlackElo "1252"]
[PlyCount "32"]
[EventDate "2013.??.??"]

1. f4 e5 2. fxe5 d6 3. exd6 Bxd6 4. Nf3 g5 5. g3 g4 6. Nh4 Ne7 7. d4 Ng6 8.
Nxg6 hxg6 9. Qd3 Nc6 10. c3 Qe7 11. Bg2 Bd7 12. Nd2 O-O-O 13. Ne4 Bf5 14. Bg5
f6 15. Bxf6 Qxf6 16. Nxf6 Bxd3 1/2-1/2

[Event "Nordisk Senior Mesterskab 2013"]
[Site "Allinge"]
[Date "2013.09.10"]
[Round "4"]
[White "Kristiansen, Jens"]
[Black "Olafsson, Fridrik"]
[Result "1/2-1/2"]
[WhiteElo "2403"]
[BlackElo "2407"]
[PlyCount "24"]
[EventDate "2013.??.??"]

1. d4 Nf6 2. c4 e6 3. Nc3 Bb4 4. Bg5 h6 5. Bh4 c5 6. d5 b5 7. e3 Bb7 8. Nf3
bxc4 9. Bxc4 exd5 10. Bb3 d6 11. O-O Bxc3 12. bxc3 Nbd7 1/2-1/2

[Event "Nordisk Senior Mesterskab 2013"]
[Site "Allinge"]
[Date "2013.09.10"]
[Round "4"]
[White "Thjomoe, Hans Richard"]
[Black "Sloth, Jorn"]
[Result "0-1"]
[WhiteElo "1862"]
[BlackElo "2330"]
[PlyCount "56"]
[EventDate "2013.??.??"]

1. e4 c5 2. Nc3 g6 3. f4 Bg7 4. Nf3 d6 5. Bb5+ Bd7 6. Bc4 Nc6 7. O-O Na5 8. Qe2
Nxc4 9. Qxc4 Nh6 10. d3 Be6 11. Qb5+ Qd7 12. Bd2 O-O 13. Qxd7 Bxd7 14. h3 e6
15. g4 f5 16. g5 Nf7 17. Kg2 Bc6 18. h4 fxe4 19. dxe4 d5 20. e5 d4 21. Ne2 Rad8
22. Rad1 d3 23. cxd3 Rxd3 24. Neg1 Bxe5 25. Kg3 Bxb2 26. h5 e5 27. hxg6 hxg6
28. Bc1 Rxd1 0-1

[Event "Nordisk Senior Mesterskab 2013"]
[Site "Allinge"]
[Date "2013.09.10"]
[Round "4"]
[White "Sorensen, Bent"]
[Black "Zachariassen, John"]
[Result "1-0"]
[WhiteElo "2257"]
[BlackElo "1900"]
[PlyCount "60"]
[EventDate "2013.??.??"]

1. Nf3 d6 2. d4 Nf6 3. g3 c6 4. Bg2 Qc7 5. O-O e5 6. c4 Be7 7. Nc3 O-O 8. e4
Nbd7 9. h3 Re8 10. Be3 Bf8 11. Rc1 g6 12. b4 Nh5 13. Kh2 Ng7 14. Nd2 Be7 15.
Nb3 Rf8 16. f4 f5 17. d5 fxe4 18. Nxe4 Nf5 19. Bd2 cxd5 20. cxd5 Qb6 21. Qe1 h5
22. g4 hxg4 23. hxg4 Ng7 24. Bh3 Qd8 25. Qg3 exf4 26. Bxf4 Nf6 27. Nxf6+ Bxf6
28. Bxd6 Bh4 29. Rxf8+ Qxf8 30. Bxf8 Kxf8 1-0

[Event "Nordisk Senior Mesterskab 2013"]
[Site "Allinge"]
[Date "2013.09.10"]
[Round "4"]
[White "Wihlborn, Bengt"]
[Black "Karason, Askell Orn"]
[Result "0-1"]
[WhiteElo "1811"]
[BlackElo "2205"]
[PlyCount "36"]
[EventDate "2013.??.??"]

1. Nf3 c5 2. c4 Nf6 3. g3 b6 4. Bg2 Bb7 5. Nc3 g6 6. O-O Bg7 7. d4 cxd4 8. Qxd4
d6 9. Bg5 Nbd7 10. Rad1 O-O 11. Qh4 Rc8 12. Bh6 Bxh6 13. Qxh6 Rxc4 14. Nh4 Qa8
15. Bxb7 Qxb7 16. Ng2 b5 17. Ne3 Rc5 18. Rd4 Rh5 0-1

[Event "Nordisk Senior Mesterskab 2013"]
[Site "Allinge"]
[Date "2013.09.10"]
[Round "4"]
[White "Westerinen, Heikki"]
[Black "Gromark, Per Olof"]
[Result "1-0"]
[WhiteElo "2281"]
[BlackElo "2118"]
[PlyCount "37"]
[EventDate "2013.??.??"]

1. e4 e5 2. Nf3 Nf6 3. Nxe5 d6 4. Nf3 Nxe4 5. d4 d5 6. Bd3 Nc6 7. O-O Be7 8. c4
Nb4 9. Be2 c6 10. Nc3 Bf5 11. a3 Na6 12. cxd5 Nxc3 13. bxc3 Qxd5 14. Re1 Nc7
15. Ne5 O-O 16. Bc4 Qd8 17. Qb3 Nd5 18. Qxb7 Qd6 19. Nxc6 1-0

[Event "Nordisk Senior Mesterskab 2013"]
[Site "Allinge"]
[Date "2013.09.10"]
[Round "4"]
[White "Malmdin, Nils Ake"]
[Black "Flodmark, Tarras"]
[Result "0-1"]
[WhiteElo "2230"]
[BlackElo "1900"]
[PlyCount "91"]
[EventDate "2013.??.??"]

1. e4 c5 2. Nf3 d6 3. d4 cxd4 4. Qxd4 Nc6 5. Bb5 Bd7 6. Bxc6 Bxc6 7. Nc3 e5 8.
Qd3 Be7 9. g4 Nf6 10. g5 Nd7 11. b4 Nb6 12. b5 Bd7 13. a4 Be6 14. a5 Bc4 15.
Qd2 Nd7 16. Ra4 Be6 17. Ba3 Rc8 18. Nd5 Nc5 19. Bxc5 Rxc5 20. Nxe7 Kxe7 21. O-O
Qc7 22. b6 axb6 23. axb6 Qxb6 24. Rb4 Qc6 25. Rfb1 b5 26. Ne1 Rb8 27. f3 Rc4
28. R4b2 d5 29. exd5 Bxd5 30. Qe3 f6 31. Kf2 Rc3 32. gxf6+ gxf6 33. Qh6 Qc5+
34. Ke2 Bc4+ 35. Kd2 Qd4+ 36. Kc1 Rd8 37. Rxb5 Bxb5 38. Rxb5 Qe3+ 39. Qxe3 Rxe3
40. Nd3 Rxf3 41. Nc5 Kf7 42. Rb7+ Kg6 43. h4 Rc8 44. Ne4 Rf4 45. Nd6 Rc6 46.
h5+ 0-1

[Event "Nordisk Senior Mesterskab 2013"]
[Site "Allinge"]
[Date "2013.09.10"]
[Round "4"]
[White "Berkell, Peder"]
[Black "Larsen, Arne Walther"]
[Result "0-1"]
[WhiteElo "2201"]
[BlackElo "1873"]
[PlyCount "100"]
[EventDate "2013.??.??"]

1. Nf3 Nf6 2. c4 g6 3. b3 Bg7 4. Bb2 d6 5. e3 b6 6. Be2 Bb7 7. O-O O-O 8. d4
Nbd7 9. Nc3 c5 10. Qc2 a6 11. Rad1 Qc7 12. d5 Rfe8 13. Rd2 b5 14. cxb5 axb5 15.
Bxb5 Ba6 16. a4 Reb8 17. Bxa6 Rxa6 18. Nb5 Qb7 19. e4 Ne8 20. Bxg7 Kxg7 21. Rd3
Nc7 22. Nxc7 Qxc7 23. Qc3+ Kg8 24. Nd2 Rab6 25. h4 h5 26. f4 Rb4 27. Rg3 Nf6
28. f5 Ng4 29. fxg6 f6 30. Rf5 c4 31. Rxh5 Qc5+ 32. Kh1 Rxb3 33. Nxb3 Rxb3 34.
Qe1 Qf2 35. Qxf2 Nxf2+ 36. Kh2 Rxg3 37. Rf5 Nxe4 38. Rf4 Re3 39. a5 c3 40. a6
c2 41. Rf1 Ra3 42. Rc1 Rxa6 43. Rxc2 Ra7 44. h5 Kg7 45. Rc4 f5 46. g4 Nf6 47.
gxf5 Nxh5 48. Rh4 Nf6 49. Rh3 Ra2+ 50. Kg1 Re2 0-1

[Event "Nordisk Senior Mesterskab 2013"]
[Site "Allinge"]
[Date "2013.09.10"]
[Round "4"]
[White "Johnsen, Gunnar"]
[Black "Baliuniene, Margarita"]
[Result "1/2-1/2"]
[WhiteElo "2171"]
[BlackElo "1834"]
[PlyCount "103"]
[EventDate "2013.??.??"]

1. d4 d5 2. c4 e6 3. Nf3 Nf6 4. Nc3 Be7 5. Bg5 O-O 6. Rc1 h6 7. Bh4 Nbd7 8. e3
b6 9. cxd5 exd5 10. Qa4 Bb7 11. Ba6 Bxa6 12. Qxa6 c5 13. O-O Re8 14. Rfd1 Qc8
15. Qe2 c4 16. Ne5 a6 17. Qf3 Nxe5 18. dxe5 Ng4 19. Bg3 Bd8 20. Nxd5 b5 21. b3
Nxe5 22. Bxe5 Rxe5 23. bxc4 bxc4 24. Qf4 Qf5 25. Qxf5 Rxf5 26. e4 Re5 27. Rxc4
Rb8 28. f4 Re8 29. Rd2 Ba5 30. Re2 Rb5 31. Kf2 f5 32. Kf3 fxe4+ 33. Rcxe4 Rxe4
34. Kxe4 Kf7 35. Rc2 Be1 36. a4 Rb3 37. Rc7+ Kf8 38. Kf5 Rd3 39. Ke6 Kg8 40. f5
Rd4 41. f6 Re4+ 42. Kf5 Rxa4 43. Ne7+ Kh7 44. Nd5 Ra2 45. Rxg7+ Kh8 46. Ne7
Rf2+ 47. Kg6 Rxf6+ 48. Kxf6 Bc3+ 49. Kf7 Bxg7 50. Nf5 Be5 51. Nxh6 Bxh2 52. Ke6
1/2-1/2

[Event "Nordisk Senior Mesterskab 2013"]
[Site "Allinge"]
[Date "2013.09.10"]
[Round "4"]
[White "Svensson, Lars Ake"]
[Black "Petersson, Gosta"]
[Result "1/2-1/2"]
[WhiteElo "1977"]
[BlackElo "2167"]
[PlyCount "25"]
[EventDate "2013.??.??"]

1. e4 e6 2. d3 c5 3. Nd2 g6 4. Ngf3 Bg7 5. g3 Nc6 6. Bg2 Nge7 7. O-O O-O 8. Re1
d6 9. Nf1 Rb8 10. a4 b6 11. Rb1 Bb7 12. Ne3 Qd7 13. c3 1/2-1/2

[Event "Nordisk Senior Mesterskab 2013"]
[Site "Allinge"]
[Date "2013.09.10"]
[Round "4"]
[White "Grabow, Pouelsten Holm"]
[Black "Grahn, Lars"]
[Result "1/2-1/2"]
[WhiteElo "2157"]
[BlackElo "1968"]
[PlyCount "28"]
[EventDate "2013.??.??"]

1. Nf3 f5 2. d4 Nf6 3. g3 g6 4. Bg2 Bg7 5. O-O O-O 6. c4 d6 7. Nc3 c6 8. d5 e5
9. dxe6 Bxe6 10. Bf4 Bxc4 11. Bxd6 Re8 12. Ne5 Be6 13. f4 Qb6+ 14. Kh1 Rd8
1/2-1/2

[Event "Nordisk Senior Mesterskab 2013"]
[Site "Allinge"]
[Date "2013.09.10"]
[Round "4"]
[White "Bjorgvik, Jan Arne"]
[Black "Patola, Eero"]
[Result "1/2-1/2"]
[WhiteElo "1840"]
[BlackElo "1956"]
[PlyCount "27"]
[EventDate "2013.??.??"]

1. e4 c5 2. Nf3 e6 3. c4 d5 4. cxd5 exd5 5. exd5 Nf6 6. Bb5+ Bd7 7. Qe2+ Qe7 8.
Bxd7+ Nbxd7 9. Qxe7+ Bxe7 10. Nc3 a6 11. a4 Nb6 12. O-O O-O 13. d4 Nbxd5 14.
Bg5 1/2-1/2

[Event "Nordisk Senior Mesterskab 2013"]
[Site "Allinge"]
[Date "2013.09.10"]
[Round "4"]
[White "Kristjansson, Sigurdur"]
[Black "Ottesen, Soren Rud"]
[Result "1-0"]
[WhiteElo "1912"]
[BlackElo "1768"]
[PlyCount "121"]
[EventDate "2013.??.??"]

1. c4 e5 2. Nc3 Nf6 3. g3 d5 4. cxd5 Nxd5 5. Bg2 c6 6. Nf3 Bd6 7. O-O O-O 8. d3
h6 9. Qb3 Nb6 10. Be3 Be6 11. Qc2 N8d7 12. Ne4 Bc7 13. Nc5 Nxc5 14. Bxc5 Re8
15. b3 Nd7 16. Ba3 Nf6 17. Bb2 Bf5 18. Rad1 Bd6 19. Nd2 Bf8 20. Nc4 Qc7 21. Qc3
e4 22. d4 Nd5 23. Qc1 Rad8 24. Ne3 Qd7 25. Nxf5 Qxf5 26. Qb1 Qe6 27. a3 f5 28.
e3 Bd6 29. Qc2 Qg6 30. Rfe1 Kh8 31. b4 Rc8 32. Rc1 h5 33. h4 Qh6 34. Bh3 Qf6
35. Qe2 g6 36. b5 Kh7 37. bxc6 bxc6 38. Qa6 Bb8 39. Rc2 Rc7 40. Rec1 Rec8 41.
Bf1 Qd6 42. Bb5 Nb6 43. Be2 Nd5 44. Bc4 Nxe3 45. fxe3 Qxg3+ 46. Kf1 Qxe3 47.
Be2 Qh3+ 48. Ke1 e3 49. Rc5 Qxh4+ 50. Kd1 Qf2 51. Kc2 f4 52. Rf1 Qg2 53. Qd3
Re7 54. Rxh5+ Kg7 55. d5+ Kg8 56. Rh8+ Kf7 57. Rxc8 Be5 58. Bxe5 Rxe5 59. Rxf4+
Kg7 60. Rg4 Qh1 61. Qxg6# 1-0

[Event "Nordisk Senior Mesterskab 2013"]
[Site "Allinge"]
[Date "2013.09.10"]
[Round "4"]
[White "Christiansen, Niels Jorgen"]
[Black "Nielsen, Jens Holm"]
[Result "0-1"]
[WhiteElo "1669"]
[BlackElo "1847"]
[PlyCount "74"]
[EventDate "2013.??.??"]

1. d4 d5 2. c4 c6 3. Nf3 Nf6 4. Nc3 g6 5. e3 a6 6. cxd5 cxd5 7. Bd3 Nc6 8. a3
Bg7 9. b4 O-O 10. Rb1 b5 11. O-O Bg4 12. h3 Bxf3 13. Qxf3 Rc8 14. Bd2 e5 15.
dxe5 Nxe5 16. Qe2 Nc4 17. Bc1 Re8 18. Bxc4 dxc4 19. Rd1 Qc7 20. Bb2 Red8 21. e4
Rxd1+ 22. Rxd1 Rd8 23. Rxd8+ Qxd8 24. e5 Ne8 25. e6 f5 26. Qe3 Qd4 27. Qxd4
Bxd4 28. Nd1 Bxb2 29. Nxb2 Kg7 30. Kf1 Kf6 31. e7 Kxe7 32. Ke2 Kd6 33. Ke3 Nc7
34. Kd4 Ne6+ 35. Kc3 Nf4 36. g3 Nxh3 37. f3 Ng1 0-1

[Event "Nordisk Senior Mesterskab 2013"]
[Site "Allinge"]
[Date "2013.09.10"]
[Round "4"]
[White "Brogaard, Lars"]
[Black "Haagen Larsen, Hans"]
[Result "0-1"]
[WhiteElo "1567"]
[BlackElo "1704"]
[PlyCount "36"]
[EventDate "2013.??.??"]

1. f4 d5 2. Nf3 Nf6 3. e3 Bf5 4. Be2 e6 5. a4 Be7 6. c3 Nbd7 7. O-O h5 8. Na3
h4 9. d3 c6 10. Nc2 Qc7 11. Nfd4 g6 12. b4 O-O-O 13. Ba3 Rdg8 14. b5 c5 15. b6
Nxb6 16. Nb5 Qb8 17. Qb1 Nbd7 18. Qb2 g5 0-1

[Event "Nordisk Senior Mesterskab 2013"]
[Site "Allinge"]
[Date "2013.09.10"]
[Round "4"]
[White "Lykke, Hans Christian"]
[Black "Kraft, Rene"]
[Result "0-1"]
[WhiteElo "1252"]
[BlackElo "1696"]
[PlyCount "94"]
[EventDate "2013.??.??"]

1. d4 Nf6 2. g4 Nxg4 3. e4 d6 4. Be2 Nf6 5. Nf3 Nxe4 6. Qd3 Nf6 7. Nc3 g6 8.
Be3 a6 9. O-O-O Bg7 10. h4 Nc6 11. Qd2 Bf5 12. a3 Ng4 13. h5 Qd7 14. h6 Bf6 15.
Nh2 Nxh2 16. Rxh2 O-O 17. f4 Qc8 18. d5 Nd8 19. Bd4 Bxd4 20. Qxd4 f6 21. Rg1 e5
22. Qd2 b5 23. Bd3 Kh8 24. fxe5 dxe5 25. Bxf5 Qxf5 26. Rf2 Qd7 27. Ne4 f5 28.
Qb4 Nb7 29. Ng5 Qd6 30. Qd2 a5 31. Ne6 Rf7 32. Rg5 Nc5 33. Nxc5 Qxc5 34. Re2
Qd6 35. Rg1 b4 36. a4 Rd8 37. Rd1 e4 38. Re3 Qd7 39. Qd4+ Kg8 40. b3 Qe7 41.
Qa7 f4 42. Ree1 Qe5 43. Qxa5 Qa1+ 44. Kd2 e3+ 45. Ke2 Qc3 46. Rc1 Qd2+ 47. Kf1
Qf2# 0-1

[Event "Nordisk Senior Mesterskab 2013"]
[Site "Allinge"]
[Date "2013.09.11"]
[Round "5"]
[White "Sloth, Jorn"]
[Black "Olafsson, Fridrik"]
[Result "1/2-1/2"]
[WhiteElo "2330"]
[BlackElo "2407"]
[PlyCount "31"]
[EventDate "2013.??.??"]

1. d4 Nf6 2. c4 g6 3. g3 Bg7 4. Bg2 O-O 5. Nc3 d6 6. Nf3 c6 7. O-O Qa5 8. d5
Qb4 9. Nd2 cxd5 10. cxd5 Bd7 11. Nb3 a5 12. a3 Qc4 13. Bg5 a4 14. Nd2 Qc7 15.
Rc1 Qd8 16. h3 1/2-1/2

[Event "Nordisk Senior Mesterskab 2013"]
[Site "Allinge"]
[Date "2013.09.11"]
[Round "5"]
[White "Karason, Askell Orn"]
[Black "Kristiansen, Jens"]
[Result "0-1"]
[WhiteElo "2205"]
[BlackElo "2403"]
[PlyCount "64"]
[EventDate "2013.??.??"]

1. d4 f5 2. c4 Nf6 3. Nc3 e6 4. Qc2 b6 5. Nf3 Bb7 6. a3 Be7 7. e3 O-O 8. Bd3
Bxf3 9. gxf3 c5 10. d5 g6 11. e4 Nh5 12. Bh6 Rf7 13. exf5 exf5 14. Rg1 Kh8 15.
O-O-O d6 16. f4 Nd7 17. Rde1 a6 18. Re6 Ndf6 19. Bg5 Ng4 20. f3 Bxg5 21. fxg5
Ne5 22. Be2 Nf4 23. Qd2 Nxe6 24. dxe6 Re7 25. Qd5 Qe8 26. f4 Nc6 27. Bf3 Rc8
28. Na4 Nd4 29. Nxb6 Rb8 30. Nd7 Rxd7 31. exd7 Qe3+ 32. Kb1 Rxb2+ 0-1

[Event "Nordisk Senior Mesterskab 2013"]
[Site "Allinge"]
[Date "2013.09.11"]
[Round "5"]
[White "Nyberg, Ulf"]
[Black "Sorensen, Bent"]
[Result "1-0"]
[WhiteElo "2130"]
[BlackElo "2257"]
[PlyCount "121"]
[EventDate "2013.??.??"]

1. d4 d5 2. c4 e6 3. Nc3 c6 4. Nf3 Nf6 5. Bg5 h6 6. Bxf6 Qxf6 7. Qb3 dxc4 8.
Qxc4 Qe7 9. g3 g6 10. Bg2 Bg7 11. O-O O-O 12. Ne5 Nd7 13. f4 Nb6 14. Qb3 c5 15.
e3 cxd4 16. exd4 Rd8 17. Rad1 Bd7 18. a4 Rab8 19. a5 Nc8 20. d5 Nd6 21. Nxd7
Rxd7 22. dxe6 Qxe6 23. Qxe6 fxe6 24. Bh3 Kf7 25. Rfe1 Re8 26. Nb5 Bf8 27. Nd4
Rde7 28. Nc6 Rc7 29. Bxe6+ Kf6 30. Nd4 Rc5 31. b4 Rc3 32. Ba2 Ra3 33. Bb1 Ra4
34. g4 Rxb4 35. g5+ hxg5 36. fxg5+ Kf7 37. Ba2+ Nc4 38. Nc2 Bc5+ 39. Kh1 Rxe1+
40. Rxe1 Ra4 41. Bb3 Rxa5 42. Bxc4+ Kg7 43. Kg2 Ra4 44. Be6 Rh4 45. Rf1 Re4 46.
Re1 Rh4 47. h3 Rf4 48. Re2 b6 49. Ne1 Rd4 50. Nf3 Rd6 51. Bc4 a5 52. Re7+ Kf8
53. Rf7+ Ke8 54. Ne5 Kd8 55. h4 Rd2+ 56. Kg3 Bd6 57. Rd7+ Ke8 58. Kf3 Rd4 59.
Bf7+ Kf8 60. Nxg6+ Kg7 61. h5 1-0

[Event "Nordisk Senior Mesterskab 2013"]
[Site "Allinge"]
[Date "2013.09.11"]
[Round "5"]
[White "Flodmark, Tarras"]
[Black "Westerinen, Heikki"]
[Result "0-1"]
[WhiteElo "1900"]
[BlackElo "2281"]
[PlyCount "70"]
[EventDate "2013.??.??"]

1. d4 Nf6 2. Nf3 g6 3. c4 Bg7 4. g3 O-O 5. Bg2 d6 6. Nc3 Nc6 7. O-O a6 8. e4
Bg4 9. h3 Bxf3 10. Bxf3 e5 11. dxe5 dxe5 12. Qxd8 Raxd8 13. Bg5 Rd4 14. Bxf6
Bxf6 15. Nd5 Bd8 16. Rac1 Rd2 17. Rb1 Nd4 18. Kg2 c6 19. Ne3 f5 20. Rfd1 Nxf3
21. Kxf3 fxe4+ 22. Kxe4 Rdxf2 23. Rf1 Bc7 24. Rxf2 Rxf2 25. Ng4 Re2+ 26. Kf3
Rd2 27. b3 Kf7 28. Re1 Ke6 29. Re2 Rxe2 30. Kxe2 e4 31. Nf2 Kf5 32. g4+ Kf4 33.
c5 Be5 34. Nd1 Bd4 35. b4 Kg3 0-1

[Event "Nordisk Senior Mesterskab 2013"]
[Site "Allinge"]
[Date "2013.09.11"]
[Round "5"]
[White "Nielsen, Jens Holm"]
[Black "Johnsen, Gunnar"]
[Result "1/2-1/2"]
[WhiteElo "1847"]
[BlackElo "2171"]
[PlyCount "89"]
[EventDate "2013.??.??"]

1. d4 e6 2. Nf3 f5 3. Bf4 Nf6 4. Nbd2 Be7 5. e3 b6 6. Bc4 Bb7 7. Qe2 O-O 8. h3
c5 9. c3 d5 10. Bb3 Ba6 11. c4 Nc6 12. Ba4 Na5 13. Bb5 Bxb5 14. cxb5 c4 15. O-O
Qd7 16. a4 Rfc8 17. Ne5 Qe8 18. g4 Bb4 19. Ndf3 a6 20. Kh2 Ne4 21. Ng5 Nxg5 22.
Bxg5 Nb3 23. Rad1 axb5 24. gxf5 exf5 25. axb5 Ra2 26. Qf3 Qe6 27. Nc6 Bf8 28.
Qg2 Rxb2 29. Rb1 Rxb1 30. Rxb1 Qe4 31. Qxe4 fxe4 32. Rb2 Bd6+ 33. Kg2 Kf7 34.
f3 exf3+ 35. Kxf3 Ke6 36. e4 Rf8+ 37. Ke3 Ba3 38. Rc2 Bc1+ 39. Rxc1 Nxc1 40.
Bd8 Rxd8 41. Nxd8+ Kd7 42. Nc6 dxe4 43. Ne5+ Ke6 44. Nxc4 Na2 45. Nxb6 1/2-1/2